000 00565nam a2200193 i 4500
001 130662
003 ES-MaACL
005 20250815170402.0
007 t|
008 070803s1878 fr ||||1| fre d
100 1 _aStapfer, Edmond-Louis.
_9107919
245 1 4 _aLes idées religieuses en Palestine áa l'époque de Jésus-Christ /
_cpar Edmond Stapfer.
250 _a2e éd.
260 _aParis :
_bLibrairie Sandoz,
_c1878.
300 _aXX, 230 p. ;
_c19 cm.
650 7 _aJudaísmo
_2embne
_913966
852 _aES-MaACL
_jD-2689
999 _c130662
_d130662